| 000 | 01191nam a2200313 4500 | ||
|---|---|---|---|
| 001 | 0000021829 | ||
| 003 | CO-CtgCURN | ||
| 005 | 20250331185253.0 | ||
| 007 | ta | ||
| 008 | 160627s2005 000 0 eng d | ||
| 020 | _a9586483916 | ||
| 040 |
_aCO-CtgCURN _bspa _ccoctgcurn |
||
| 082 | 0 |
_a658.4 _bV217g |
|
| 100 | 1 | _aBerghe Romero, Edgar Van Der. | |
| 245 | 1 | 0 |
_aGestion y gerencia empresariales aplicadas al siglo XXI / _cEdgar Van Der Berghe R. |
| 260 |
_aBogotá : _bEcoe Ediciones, _c2005. |
||
| 300 | _axiv, 247 p. | ||
| 336 | _2rdacontent | ||
| 337 |
_2rdamedia _asin mediacion _bn |
||
| 338 |
_2rdacarrier _avolumen _bnc |
||
| 490 | 1 | _aTextos universitarios. Administración, economia y finanzas | |
| 500 | _aIncluye indice analitico. | ||
| 504 | _aBibliografia (p. 237 ) | ||
| 505 | 8 | _aMacroeconomia.--Gerencia general.--area de mercados.--area de produccon y compras.--Departamento administrativo y de relaciones industriales.--Departamento financiero.--Conclusiones y recomendaciones | |
| 650 | 1 | 4 | _aEmpresarios industriales. |
| 908 | _a160627 | ||
| 942 |
_cBK _h658.4 _iV217g _2ddc |
||
| 999 |
_c24848 _d24848 |
||